Études sur l'histoire des institutions, de la littérature, du théatre et des beaux-arts en Espagne / (Record no. 167372)

MARC details
000 -LEADER
campo de control de longitud fija 00696nam a2200181 i 4500
001 - NÚMERO DE CONTROL
campo de control 167372
003 - IDENTIFICADOR DE NÚMERO DE CONTROL
campo de control ES-MaACL
005 - FECHA Y HORA DE LA ÚLTIMA TRANSACCIÓN
campo de control 20230906213518.0
008 - DATOS DE LONGITUD FIJA--INFORMACIÓN GENERAL
campo de control de longitud fija 990312s1835 fr |||| | fre d
040 ## - FUENTE DE CATALOGACIÓN
Centro catalogador/agencia de origen CCPB | B
Lengua de catalogación spa
Centro/agencia transcriptor CCPB | B
100 1# - ENTRADA PRINCIPAL--NOMBRE DE PERSONA
Nombre de persona Viardot, Louis.
9 (RLIN) 114298
245 10 - MENCIÓN DEL TÍTULO
Título Études sur l'histoire des institutions, de la littérature, du théatre et des beaux-arts en Espagne /
Mención de responsabilidad, etc. par Louis Viardot.
260 ## - PUBLICACIÓN, DISTRIBUCIÓN, ETC.
Lugar de publicación, distribución, etc. Paris :
Nombre del editor, distribuidor, etc. Paulin,
Fecha de publicación, distribución, etc. 1835 (
Fabricante Imprimerie de Dezauche)
300 ## - DESCRIPCIÓN FÍSICA
Extensión VI, 439 p. ;
Dimensiones 22 cm.
650 #4 - PUNTO DE ACCESO ADICIONAL DE MATERIA--TÉRMINO DE MATERIA
Término de materia o nombre geográfico como elemento de entrada Literatura española-
Subdivisión cronológica Hasta S.XV-
Subdivisión general Historia y crítica.
9 (RLIN) 147212
650 #4 - PUNTO DE ACCESO ADICIONAL DE MATERIA--TÉRMINO DE MATERIA
Término de materia o nombre geográfico como elemento de entrada Parlamentos-
Subdivisión geográfica España-
Subdivisión de forma Historia.
9 (RLIN) 138323
852 ## - LOCALIZACIÓN
Ubicación ES-MaACL
Número de control de estantería G-11915
Nota libre -- Enc. hol.
Holdings
Estatus retirado Estado de pérdida Estado de daño No para préstamo Colección Biblioteca de origen Biblioteca actual Ubicación en estantería Fecha de adquisición Fuente de adquisición Total de préstamos Signatura topográfica completa Código de barras Visto por última vez Precio de reemplazo Tipo de ítem Koha
        Libros del s. XIX Biblioteca del Ateneo de Madrid Biblioteca del Ateneo de Madrid Sala Pecera Planta 3 17/01/2008     G-11915 1175582 23/02/2023 23/02/2023 Libro impreso antiguo